| 000 | 00491nam a2200157 i 4500 | ||
|---|---|---|---|
| 001 | 50947 | ||
| 003 | ES-MaACL | ||
| 005 | 20230906162250.0 | ||
| 007 | t| | ||
| 008 | 030807s1970 sp ||||1| spa d | ||
| 245 | 0 | 3 |
_aEl champiñón _b: economía, producción, comercialización / _ctraducido por Horacio Marco Moll. |
| 260 |
_aZaragoza : _bAcribia, _c[1970] |
||
| 300 |
_a86 p., 2 lám. : _bil. ; _c22 cm. |
||
| 700 | 1 |
_aMarco Moll, Horacio. _976486 |
|
| 852 |
_aES-MaACL _jC-46382 _bR.75063 |
||
| 999 |
_c50947 _d50947 |
||